[Event "1. Bundesliga 2015/2016"]
[Site "Jenbach"]
[Date "2016.04.02"]
[Round "11"]
[Board "2"]
[White "Kunin, Vitaly"]
[Black "Skoberne, Jure"]
[Result "0-1"]
[WhiteElo "2592"]
[BlackElo "2564"]
[PlyCount "146"]
[EventDate "2015.11.05"]
[EventType "team"]
[EventRounds "11"]
[EventCountry "AUT"]
[WhiteTeam "SIR Royal Salzburg"]
[BlackTeam "SV Raika Rapid Feffernitz"]

1.d4 Nf6 2.c4 g6 3.Nc3 Bg7 4.e4 O-O 5.Be2 d6 6.Bg5 Na6 7.Qc2 c6 8.Rd1 Qa5 9.Bd2 e5
10.d5 cxd5 11.cxd5 Bd7 12.Nf3 Rfc8 13.Qb1 Qd8 14.O-O Nc5 15.b4 Na4 16.Nxa4 Bxa4 17.Rc1
a6 18.Bd3 Bb5 19.h3 Qb6 20.Rfe1 Bxd3 21.Qxd3 Qb5 22.Qe3 Nd7 23.Qb3 Nb6 24.Be3 Na4
25.Nd2 f5 26.Nc4 Bf8 27.f3 fxe4 28.fxe4 Rc7 29.Na3 Rxc1 30.Rxc1 Qe2 31.Bf2 b5 32.Qc2
Qh5 33.Qc6 Qg5 34.Rf1 Qd8 35.Nb1 Nb2 36.Bh4 Qc8 37.Rc1 Nc4 38.a4 Bh6 39.Rf1 Be3+ 40.Kh1
g5 41.Bg3 Qxc6 42.dxc6 bxa4 43.Nc3 a3 44.Nd5 Bd4 45.Bf2 Bb2 46.c7 Kg7 47.Ne7 a2 48.c8=Q
Rxc8 49.Nxc8 Nd2 50.Rd1 Nxe4 51.Be1 a1=Q 52.Rxa1 Bxa1 53.Ne7 Kf6 54.Nd5+ Ke6 55.Nc7+
Kd7 56.Nxa6 Kc6 57.g4 Kb7 58.b5 Kb6 59.Kg2 Kxb5 60.Nc7+ Kc4 61.Kf3 d5 62.h4 Bc3 63.Bxc3
Nxc3 64.hxg5 e4+ 65.Kf4 d4 66.Ne8 d3 67.Nd6+ Kd5 68.Nf5 d2 69.Ne3+ Ke6 70.g6 hxg6
71.g5 Nd5+ 72.Kxe4 Nxe3 73.Kxe3 d1=Q 0-1

[Event "1. Bundesliga 2015/2016"]
[Site "Jenbach"]
[Date "2016.04.02"]
[Round "11"]
[Board "3"]
[White "Diermair, Andreas"]
[Black "Mons, Leon"]
[Result "1/2-1/2"]
[WhiteElo "2478"]
[BlackElo "2461"]
[PlyCount "97"]
[EventDate "2015.11.05"]
[EventType "team"]
[EventRounds "11"]
[EventCountry "AUT"]
[WhiteTeam "SV Raika Rapid Feffernitz"]
[BlackTeam "SIR Royal Salzburg"]

1.Nf3 d5 2.g3 Bg4 3.Bg2 c6 4.O-O e6 5.d3 Bd6 6.c4 Ne7 7.Qb3 Qb6 8.Qc2 O-O 9.Nbd2 c5
10.h3 Bh5 11.a3 Nbc6 12.e3 Qc7 13.b3 b6 14.Bb2 Rac8 15.Rae1 Qd7 16.Nh4 Bb8 17.f4 f6
18.Rf2 Bf7 19.Bf1 d4 20.e4 g5 21.Ng2 e5 22.f5 Kg7 23.Be2 Rg8 24.Qd1 Kf8 25.Bh5 Qe8
26.Bxf7 Qxf7 27.h4 gxh4 28.gxh4 Ke8 29.Nf1 Bd6 30.Bc1 Kd7 31.Bd2 a5 32.Bh6 Ra8 33.Kh2
Nc8 34.Ng3 Bf8 35.Bd2 Nd6 36.Rg1 Be7 37.Ne1 Rab8 38.a4 Rh8 39.Rfg2 Rbg8 40.Bh6 Ne8
41.Kh3 Bf8 42.Bd2 Ne7 43.Nf3 Rg7 44.Qc1 Rgg8 45.Qe1 Rg7 46.Nh2 Rhg8 47.Qe2 Kd8 48.Qf3
Kd7 49.Bc1 1/2-1/2

[Event "1. Bundesliga 2015/2016"]
[Site "Jenbach"]
[Date "2016.04.02"]
[Round "11"]
[Board "5"]
[White "Sebenik, Matej"]
[Black "Hilverda, Alexander"]
[Result "1/2-1/2"]
[WhiteElo "2527"]
[BlackElo "2378"]
[PlyCount "119"]
[EventDate "2015.11.05"]
[EventType "team"]
[EventRounds "11"]
[EventCountry "AUT"]
[WhiteTeam "SV Raika Rapid Feffernitz"]
[BlackTeam "SIR Royal Salzburg"]

1.Nf3 d5 2.g3 Nf6 3.Bg2 c6 4.c4 Bf5 5.O-O e6 6.b3 Bd6 7.Bb2 O-O 8.d3 h6 9.Nbd2 Bh7
10.e4 dxe4 11.dxe4 Nxe4 12.Nxe4 Bxe4 13.Qd4 Qf6 14.Qxf6 gxf6 15.Bxf6 Nd7 16.Rad1 Nxf6
17.Rxd6 Rfd8 18.Rfd1 Rxd6 19.Rxd6 Bxf3 20.Bxf3 a5 21.Kf1 Kf8 22.Ke2 Ke7 23.Rd4 c5
24.Rh4 a4 25.Rxh6 axb3 26.axb3 Ra2+ 27.Kf1 Rb2 28.Bxb7 Rxb3 29.Bc6 Ng4 30.Rh4 Ne5
31.Bb5 Nf3 32.Rh8 Rb4 33.h4 Nd2+ 34.Kg2 Nxc4 35.Bxc4 Rxc4 36.h5 Rg4 37.f4 f5 38.Rc8
Kf7 39.Rc7+ Kf6 40.Rxc5 Rg8 41.Kh3 Rh8 42.Kh4 Rg8 43.Rc7 Rg4+ 44.Kh3 Rg8 45.Rh7 Rg4
46.Rh6+ Kf7 47.Kg2 Rg8 48.Rh7+ Kf6 49.Kf3 Ra8 50.Rh6+ Kf7 51.Rg6 Ra2 52.Rg5 Rh2 53.Ke3
Kf6 54.Rg6+ Kf7 55.Rh6 Rg2 56.Kf3 Rh2 57.Rh7+ Kf6 58.Rh8 Kg7 59.Re8 Kf7 60.Rh8 1/2-1/2

[Event "1. Bundesliga 2015/2016"]
[Site "Jenbach"]
[Date "2016.04.02"]
[Round "11"]
[Board "6"]
[White "Pitl, Gregory"]
[Black "Pacher, Simon"]
[Result "1-0"]
[WhiteElo "2396"]
[BlackElo "2051"]
[PlyCount "73"]
[EventDate "2015.11.05"]
[EventType "team"]
[EventRounds "11"]
[EventCountry "AUT"]
[WhiteTeam "SIR Royal Salzburg"]
[BlackTeam "SV Raika Rapid Feffernitz"]

1.e4 e5 2.Nf3 Nc6 3.d4 exd4 4.Nxd4 Nf6 5.Nxc6 bxc6 6.Qe2 Qe7 7.Nc3 a5 8.e5 Nd5 9.Bd2
Ba6 10.Qe4 Qb4 11.Bxa6 Qxb2 12.O-O Nxc3 13.Qd3 Nd5 14.Rab1 Qa3 15.Rb3 Qc5 16.Qe4 g6
17.Rfb1 Rd8 18.Be2 Bg7 19.Bg5 Nc3 20.Rxc3 Qxc3 21.Bxd8 Kxd8 22.Qh4+ f6 23.Rb8+ Ke7
24.Rxh8 Bxh8 25.Qxh7+ Ke6 26.Qxh8 Qxe5 27.Qe8+ Kd6 28.Qf8+ Ke6 29.Qe8+ Kd6 30.Qxe5+
Kxe5 31.h4 d5 32.g4 f5 33.h5 fxg4 34.hxg6 Kf6 35.Bd3 c5 36.c4 dxc4 37.Bc2 1-0

[Event "1. Bundesliga 2015/2016"]
[Site "Jenbach"]
[Date "2016.04.02"]
[Round "11"]
[Board "1"]
[White "Haba, Petr"]
[Black "Bindrich, Falko"]
[Result "1/2-1/2"]
[WhiteElo "2481"]
[BlackElo "2574"]
[PlyCount "72"]
[EventDate "2015.11.05"]
[EventType "team"]
[EventRounds "11"]
[EventCountry "AUT"]
[WhiteTeam "Spk. Grieskirchen/Bad Schallerbach"]
[BlackTeam "SK Hohenems"]

1.e4 e5 2.Nf3 Nc6 3.Bb5 Nf6 4.O-O Nxe4 5.d4 Nd6 6.Bxc6 dxc6 7.dxe5 Nf5 8.Qxd8+ Kxd8
9.Rd1+ Ke8 10.Nc3 Ne7 11.h3 Ng6 12.b3 Be7 13.Ne2 h5 14.Bb2 h4 15.Nh2 Rh5 16.Ng4 Rg5
17.f3 Bf5 18.c4 Rd8 19.Rxd8+ Kxd8 20.Rd1+ Kc8 21.Bc1 Rh5 22.f4 Bc5+ 23.Kf1 Bc2 24.Rd2
Bb1 25.Rb2 Bd3 26.Nf2 Nxe5 27.Rd2 Bxe2+ 28.Kxe2 Ng6 29.Kf3 Bd6 30.Kg4 Rh8 31.Re2 Kd7
32.Nd3 f6 33.Bd2 c5 34.Be1 b6 35.Bf2 a5 36.a4 Ne7 1/2-1/2

[Event "1. Bundesliga 2015/2016"]
[Site "Jenbach"]
[Date "2016.04.02"]
[Round "11"]
[Board "2"]
[White "Martinovic, Sasa"]
[Black "Kilgus, Georg"]
[Result "0-1"]
[WhiteElo "2539"]
[BlackElo "2410"]
[PlyCount "76"]
[EventDate "2015.11.05"]
[EventType "team"]
[EventRounds "11"]
[EventCountry "AUT"]
[WhiteTeam "SK Hohenems"]
[BlackTeam "Spk. Grieskirchen/Bad Schallerbach"]

1.d4 Nf6 2.c4 g6 3.f3 e6 4.e4 c5 5.d5 d6 6.Ne2 exd5 7.cxd5 Nbd7 8.Nec3 a6 9.a4 Nh5
10.Be3 f5 11.Qd2 Bg7 12.Be2 O-O 13.exf5 gxf5 14.O-O Ne5 15.Na3 f4 16.Bf2 Bf5 17.Nc4
Nxc4 18.Bxc4 Qd7 19.Rfe1 Rae8 20.a5 Rxe1+ 21.Rxe1 Re8 22.g4 fxg3 23.hxg3 Rxe1+ 24.Qxe1
Be5 25.b3 Nf4 26.Nd1 Nd3 27.Bxd3 Bxd3 28.Ne3 Qf7 29.f4 Bg7 30.Qd1 Be4 31.Nc4 Qg6 32.Kf1
Bd3+ 33.Kg1 Bd4 34.g4 Qe4 35.Nxd6 Qxf4 36.Bxd4 Qxd4+ 37.Kh2 Qf2+ 38.Kh1 Be2 0-1

[Event "1. Bundesliga 2015/2016"]
[Site "Jenbach"]
[Date "2016.04.02"]
[Round "11"]
[Board "3"]
[White "Schwabeneder, Florian"]
[Black "Breder, Dennis"]
[Result "1-0"]
[WhiteElo "2371"]
[BlackElo "2474"]
[PlyCount "149"]
[EventDate "2015.11.05"]
[EventType "team"]
[EventRounds "11"]
[EventCountry "AUT"]
[WhiteTeam "Spk. Grieskirchen/Bad Schallerbach"]
[BlackTeam "SK Hohenems"]

1.g3 d5 2.Bg2 Nf6 3.d3 g6 4.Nd2 Bg7 5.e4 e5 6.Ngf3 Nc6 7.O-O O-O 8.Re1 Re8 9.b3 Be6
10.Bb2 d4 11.Qe2 Nd7 12.Rf1 Nc5 13.h3 a5 14.a3 Ra6 15.Kh2 Rb6 16.Bc1 h6 17.Ng1 Na7
18.a4 Nc6 19.Ba3 Nb4 20.Bxb4 axb4 21.h4 h5 22.Bh3 Ra6 23.Bxe6 Nxe6 24.Nc4 Qe7 25.Nh3
c6 26.a5 Nc7 27.Qd2 Nb5 28.f4 exf4 29.Nxf4 Rea8 30.e5 Na3 31.e6 Nxc4 32.exf7+ Qxf7
33.bxc4 Rxa5 34.Nxh5 Qe7 35.Rae1 Re5 36.Nf4 Kh7 37.Nh3 Re8 38.Ng5+ Kg8 39.Ne4 c5 40.Re2
Rf8 41.Rxf8+ Bxf8 42.Rf2 Bg7 43.Qd1 Qe6 44.Ng5 Qc6 45.Qg4 Re3 46.Qf4 Re7 47.Ne4 b6
48.Rf1 Qe6 49.Ra1 Qc6 50.Qg5 Rxe4 51.dxe4 d3 52.Qd8+ Kh7 53.Ra7 Qxe4 54.Qxd3 Qe1 55.Rf7
Kh6 56.Rf1 Qe6 57.Rf2 Bd4 58.Re2 Qf7 59.Kg2 Kg7 60.Qf3 Qd7 61.Qe4 Bf6 62.Qe6 Qd1 63.Rf2
Bd4 64.Qe7+ Kh6 65.Qf8+ Bg7 66.Qf3 Qd7 67.g4 Qe6 68.g5+ Kh7 69.h5 Qxc4 70.h6 Bxh6
71.gxh6 Kxh6 72.Qf4+ Qxf4 73.Rxf4 Kg5 74.Rf8 Kg4 75.Rf6 1-0

[Event "1. Bundesliga 2015/2016"]
[Site "Jenbach"]
[Date "2016.04.02"]
[Round "11"]
[Board "4"]
[White "Atlas, Valery"]
[Black "Singer, Christoph"]
[Result "1/2-1/2"]
[WhiteElo "2453"]
[BlackElo "2311"]
[PlyCount "161"]
[EventDate "2015.11.05"]
[EventType "team"]
[EventRounds "11"]
[EventCountry "AUT"]
[WhiteTeam "SK Hohenems"]
[BlackTeam "Spk. Grieskirchen/Bad Schallerbach"]

1.e4 e5 2.Nf3 Nc6 3.Bc4 Bc5 4.d3 Nf6 5.c3 a6 6.Nbd2 Ba7 7.h3 d6 8.Bb3 O-O 9.Nf1 d5
10.Qe2 Be6 11.Ng3 dxe4 12.dxe4 Bxb3 13.axb3 Ne8 14.O-O Nd6 15.Ne1 Qh4 16.Qg4 Qxg4
17.hxg4 Rfd8 18.Nc2 Ne8 19.Ne3 Rd3 20.Re1 Rad8 21.Kf1 R3d7 22.Ke2 h6 23.Rd1 Nf6 24.Rxd7
Rxd7 25.f3 Bxe3 26.Bxe3 Nh7 27.b4 Nf8 28.Nf1 Ne6 29.g3 f6 30.Bf2 Kf7 31.Ne3 Ne7 32.Ra5
c6 33.Nc4 Nc8 34.Ra1 Ke7 35.Bc5+ Ke8 36.Ke3 Kf7 37.f4 Nxc5 38.bxc5 Ke6 39.Rf1 exf4+
40.gxf4 Ke7 41.Rg1 Kf8 42.Rg2 Ke7 43.g5 hxg5 44.fxg5 Ke6 45.Na5 f5 46.Nb3 Ne7 47.Nd4+
Ke5 48.Nf3+ Ke6 49.Nd4+ Ke5 50.Nf3+ Ke6 51.Re2 fxe4 52.Kxe4 Rd5 53.c4 Rd1 54.Kf4+
Kd7 55.Rd2+ Rxd2 56.Nxd2 Ke6 57.Nb3 Ng6+ 58.Ke4 Kd7 59.Na5 Kc7 60.Kf5 Nh4+ 61.Ke6
b6 62.Nb3 a5 63.Kf7 g6 64.Kf6 a4 65.Nd4 bxc5 66.Ne2 Kb6 67.Nf4 Ka5 68.Nxg6 Nf3 69.Ne5
Nxg5 70.Kxg5 Kb4 71.Nd3+ Kxc4 72.Nc1 Kd4 73.Kf4 c4 74.Kf3 c3 75.Ne2+ Kd3 76.Nxc3 a3
77.bxa3 Kxc3 78.Ke2 Kb3 79.Kd2 c5 80.a4 Kxa4 81.Kc3 1/2-1/2

[Event "1. Bundesliga 2015/2016"]
[Site "Jenbach"]
[Date "2016.04.02"]
[Round "11"]
[Board "5"]
[White "Lentrodt, Thomas"]
[Black "Bezold, Michael"]
[Result "1/2-1/2"]
[WhiteElo "2263"]
[BlackElo "2505"]
[PlyCount "64"]
[EventDate "2015.11.05"]
[EventType "team"]
[EventRounds "11"]
[EventCountry "AUT"]
[WhiteTeam "Spk. Grieskirchen/Bad Schallerbach"]
[BlackTeam "SK Hohenems"]

1.d4 g6 2.g3 Bg7 3.Bg2 c5 4.dxc5 Na6 5.Nf3 Nxc5 6.O-O Nf6 7.c4 O-O 8.Nc3 Nfe4 9.Nxe4
Nxe4 10.Qc2 Nc5 11.Be3 d6 12.Nd4 Bd7 13.Qd2 a5 14.b3 Qb6 15.Rac1 Rfc8 16.Rfd1 Rab8
17.Qe1 Qa6 18.Qd2 Qb6 19.Qe1 Be8 20.Qd2 Bf6 21.Bh3 Rd8 22.Bg2 Rdc8 23.Bh3 Rd8 24.Bg2
Bd7 25.Kf1 Rbc8 26.Kg1 Bg7 27.Qe1 Qa6 28.Kf1 Ne6 29.Bd5 Nxd4 30.Bxd4 b5 31.Bxg7 Kxg7
32.Qc3+ f6 1/2-1/2

[Event "1. Bundesliga 2015/2016"]
[Site "Jenbach"]
[Date "2016.04.02"]
[Round "11"]
[Board "6"]
[White "Burschowsky, Matthias"]
[Black "Loimayr, Georg"]
[Result "1/2-1/2"]
[WhiteElo "2220"]
[BlackElo "2002"]
[PlyCount "60"]
[EventDate "2015.11.05"]
[EventType "team"]
[EventRounds "11"]
[EventCountry "AUT"]
[WhiteTeam "SK Hohenems"]
[BlackTeam "Spk. Grieskirchen/Bad Schallerbach"]

1.Nf3 Nf6 2.g3 g6 3.Bg2 Bg7 4.O-O O-O 5.c4 d6 6.Nc3 Nc6 7.Rb1 Bf5 8.d3 Qd7 9.Re1 e5
10.Ng5 h6 11.Nge4 Nxe4 12.dxe4 Be6 13.Nd5 f5 14.b4 Qf7 15.b5 Na5 16.Qa4 b6 17.Rf1
Nb7 18.Ba3 f4 19.Rbd1 Qd7 20.Qc2 Rac8 21.Rd3 Kh7 22.Bb4 Rf7 23.a4 Rcf8 24.Qd2 Bh3
25.a5 Bxg2 26.Kxg2 bxa5 27.Ba3 fxg3 28.Rxg3 c6 29.bxc6 Qxc6 30.Qd3 Nc5 1/2-1/2